| 000 | 00000cam 2200000zi 4500 |
| 001 | 9.959708 |
| 003 | CaOODSP |
| 005 | 20260514142404 |
| 006 | m o d f |
| 007 | cr |n||||||||| |
| 008 | 260210e202604 oncbd ob f000 0 fre d |
| 020 | |a9780660983158 |
| 040 | |aCaOODSP|bfre|erda|cCaOODSP |
| 043 | |an-cn-bc |
| 086 | 1 |aFs70-5/2026-019F-PDF |
| 100 | 1 |aFreshwater, Cameron, |eauteur. |
| 245 | 10|aSélectivité des proies de l’épaulard résident du Sud en relation avec la composition des stocks et de la taille du saumon chinook dans l’habitat essentiel canadien / |cCameron Freshwater, Wilf Luedke, Scott Toews, et Sheila J. Thornton. |
| 264 | 1|aOttawa (Ontario) : |bSecrétariat canadien de consultation scientifique (SCCS), |cavril 2026. |
| 264 | 4|c©2026 |
| 300 | |a1 ressource en ligne (vi, 79 pages) : |bcartes, graphiques. |
| 336 | |atexte|btxt|2rdacontent/fre |
| 337 | |ainformatique|bc|2rdamedia/fre |
| 338 | |aressource en ligne|bcr|2rdacarrier/fre |
| 490 | 1 |aDocument de recherche, |x2292-4272 ; |v2026/019 |
| 500 | |aPublié aussi en anglais sous le titre : Southern Resident killer whale prey selectivity in relation to chinook salmon stock and size composition within Canadian critical habitat. |
| 504 | |aComprend des références bibliographiques (pages 45-52). |
| 650 | 6|aSaumon quinnat|xPrédateurs|zColombie-Britannique|zPacifique, Côte du. |
| 650 | 6|aPoissons|xPopulations|zColombie-Britannique|zPacifique, Côte du. |
| 650 | 6|aOrque|xAlimentation|zColombie-Britannique|zPacifique, Côte du. |
| 650 | 6|aPrédation (Biologie)|zColombie-Britannique|zPacifique, Côte du. |
| 710 | 1 |aCanada. |bMinistère des pêches et des océans. |bRégion du Pacifique, |eorganisme de publication. |
| 710 | 2 |aSecrétariat canadien de consultation scientifique, |eorganisme de publication. |
| 775 | 08|tSouthern Resident killer whale prey selectivity in relation to chinook salmon stock and size composition within Canadian critical habitat / |w(CaOODSP)9.959706 |
| 830 | #0|aDocument de recherche (Secrétariat canadien de consultation scientifique)|v2026/019.|w(CaOODSP)9.503788 |
| 856 | 40|qPDF|s8.92 Mo|uhttps://publications.gc.ca/collections/collection_2026/mpo-dfo/fs70-5/Fs70-5-2026-019-fra.pdf |